000 02132cam a22003374i 4500
003 PE-LiUPU
005 20260203121843.0
008 2017s2017 xxk||||r ||| ||eng d
020 _a9781783683789
035 _aPE-LiUPU47549
040 _aPE-LiUPU
_beng
_cPE-LiUPU
_erda
082 0 4 _a234.2
_bS678
_2220
245 0 0 _aSo great a salvation :
_bsoteriology in the majority world /
_ceditado por Gene L. Green, Stephen T. Pardue, y K. K. Yeo.
264 1 _aCarlisle, Cumbria :
_bLangham Global Library,
_c2017.
300 _a196 páginas :
_bilustraciones (portada) ;
_c23 cm
336 _atext
_2rdacontent
337 _aunmediated
_2rdamedia
338 _avolume
_2rdacarrier
504 _aIncluye referencias bibliográficas e índices.
505 0 _aIntroduction: So great a salvation / K. K. Yeo -- The new covenant and new creation: western soteriologies and the fullness of the gospel / Daniel J. Treier -- Telling our stories: salvation in the African context / Emily J. Choge Kerama -- Luke 4:18–19 and salvation: marginalization of women in the Pentecostal church in Botswana / Rosinah Mmannana Gabaitse -- Con las venas abiertas: the hope of life and salvation in Latin American theologies / Jules A. Martínez-Olivieri -- From what do we need to be saved? Reflections on God's justice and material salvation / Milton Acosta -- An indigenous reinterpretation of repentance: a step on the journey to reconciliation / Ray Aldred -- Salvation as reconciliation: toward a theology of reconciliation in the division of the Korean Peninsula / Sung Wook Chung -- Qohelet's gospel in Ecclesiastes / Elaine W. F. Goh.
650 1 4 _aSoteriología
_92196
650 1 4 _aTeología doctrinal
_zPaíses en desarrollo.
_93091
650 1 0 _aSalvación
_9870
700 1 _aGreen, Gene L.,
_eeditor.
700 1 _aPardue, Stephen T.,
_eeditor.
700 1 _aYeo, K. K.,
_eeditor.
710 _aLangham Global Library,
_eeditor.
_96398
856 4 0 _uhttps://langhamliterature.org/books/so-great-a-salvation
_zAcceso en línea (Langham Literature).
942 _2ddc
_cBK
980 _818226
_gJaime Vilcazán Jefe de Análisis Documental
999 _c26158
_d26158